The contaminated land regime (Record no. 85438)

MARC details
000 -LEADER
fixed length control field 01320cam a2200301 4500
001 - CONTROL NUMBER
control field ##L132516
008 - FIXED-LENGTH DATA ELEMENTS--GENERAL INFORMATION
fixed length control field 010726n2005 000 0 eng u
020 ## - INTERNATIONAL STANDARD BOOK NUMBER
International Standard Book Number 1904388515
035 ## - SYSTEM CONTROL NUMBER
System control number (Sirsi) u132516
041 0# - LANGUAGE CODE
Language code of text/sound track or separate title eng
050 04 - LIBRARY OF CONGRESS CALL NUMBER
Classification number 333.73 $2 18
100 1# - MAIN ENTRY--PERSONAL NAME
Personal name Wilbourn, Philip
245 04 - TITLE STATEMENT
Title The contaminated land regime
Remainder of title impacts on the property industry and estate management issues: CPD study pack
250 ## - EDITION STATEMENT
Edition statement 3rd ed.
260 ## - PUBLICATION, DISTRIBUTION, ETC.
Place of publication, distribution, etc. Reading
Name of publisher, distributor, etc. College of Estate Management
Date of publication, distribution, etc. 2005
350 ## - PRICE (NR) (BK AM CF MU VM SE) [OBSOLETE]
Price 55.50
490 #0 - SERIES STATEMENT
Series statement College of Estate Management CPD Study Pack
520 ## - SUMMARY, ETC.
Summary, etc. Introduces the contaminated land regime and its legal background. Defines contaminated land. Examines the role of the local authority, the impact of the regime on the practitioner, and contamination and estate management. Provides further reading and multiple choice questions.
520 ## - SUMMARY, ETC.
Summary, etc. No audio tape or CD accompanies this pack
520 ## - SUMMARY, ETC.
Summary, etc. Supersedes 2004 edition (ISBN 1904388221).
590 ## - LOCAL NOTE (RLIN)
Local note IKA280306
650 24 - SUBJECT ADDED ENTRY--TOPICAL TERM
Topical term or geographic name entry element ENVIRONMENTAL PROTECTION ACT 1990 PART IIA
690 ## - LOCAL SUBJECT ADDED ENTRY--TOPICAL TERM (OCLC, RLIN)
Topical term or geographic name as entry element PROPERTY-RURAL AND NATURAL ASSETS-LAND-CONTAMINATED LAND
710 2# - ADDED ENTRY--CORPORATE NAME
Corporate name or jurisdiction name as entry element College of Estate Management
9 (RLIN) 400
856 48 - ELECTRONIC LOCATION AND ACCESS
Uniform Resource Identifier <a href="https://www.rics.org/library">https://www.rics.org/library</a>
Public note Audio Visual materials can only be used in the library.
942 ## - ADDED ENTRY ELEMENTS (KOHA)
Suppress in OPAC 0
Holdings
Withdrawn status Lost status Damaged status Not for loan Home library Current library Shelving location Date acquired Cost, normal purchase price Total Checkouts Full call number Barcode Date last seen Date last checked out Copy number Cost, replacement price Price effective from Koha item type Source of classification or shelving scheme
  Missing     London London Missing 16/03/2006 55.50 17 BASEMENT 6 30072788 06/08/2019 16/03/2010 1 55.50 06/08/2019 Audio  
        London London Enquiry desk 16/03/2006 55.50 9 BASEMENT 6 30072791 06/08/2019 23/03/2009 4 55.50 06/08/2019 Audio Dewey Decimal Classification